00898nam a2200253Ia 450000500170000000800410001702000180005808200190007610000210009524500650011625000360018130000650021750400450028260000490032765000430037665000290041994200120044826400460046033600270050633700330053333800280056604000350059499900150062920220317001451.0161108s2004 a ao g 000 0 s  a978849339769204a927.5946bP31g1 aGarcía, Marina10aPicasso para niñosctexto e ilustracionesbMarina García a1a. edición, 1a reimpresión a[16] páginasbilustraciones, fotografías en colorc27 cm aincluye biografía, obras y actividades14aPicasso, Pablod1881-1973vBiografias973643142LEMBaPintores españolesxBiografias142LEMBaPintura Española 2ddccBK aBuenos AiresbLibros del Zorro Rojoc2004 atextobtxt2rdacontent asin mediaciónbn2rdamedia avolumenbnc2rdacarrier aCO-BoRNBPbspaerdacCO-BoRNBP c7067d7067